German Words for Animals (New Zealand) - Statistics

General Stats
  • This quiz has been taken 7 times
  • The average score is 5 of 6
Answer Stats
English Answer % Correct
Kiwi Kiwi/Schnepfenstauß
100%
Kakapo Kakapo
86%
Tuatara Tuatara/Bruckenechse
86%
Weta Weta
86%
Elephant Seal See-Elefant
57%
Fairy Penguin Feenpinguin
43%
No matching quizzes found
Score Distribution
Percent of People with Each Score
Percentile by Number Answered
Your Score History
You have not taken this quiz